Parliament backs online planning (Record no. 72436)

MARC details
000 -LEADER
fixed length control field 00977cam a2200193 4500
001 - CONTROL NUMBER
control field WB3913-13
008 - FIXED-LENGTH DATA ELEMENTS--GENERAL INFORMATION
fixed length control field 030403n2003 000 0 eng u
035 ## - SYSTEM CONTROL NUMBER
System control number (Sirsi) u121883
245 ## - TITLE STATEMENT
Title Parliament backs online planning
260 ## - PUBLICATION, DISTRIBUTION, ETC.
Date of publication, distribution, etc. 2003
490 ## - SERIES STATEMENT
Series statement Building Design
Volume/sequential designation (1572) 28 March 2003, 1(1)
520 ## - SUMMARY, ETC.
Summary, etc. Government has passed the "Town and Country (Electronic Communications)(England) Order 2003"* which means that planners will be able to handle at least part of planning applications online. Copies should be available via the HMSO website, http:/www.hmso.gov.uk. All published Stationery Office items can be obtained through RICS Books on t +44 (0)20 7222 7000 .
590 ## - LOCAL NOTE (RLIN)
Local note WB
650 ## - SUBJECT ADDED ENTRY--TOPICAL TERM
Topical term or geographic name entry element TOWN AND COUNTRY PLANNING (ELECTRONIC COMMUNICATIONS) (ENGLAND) ORDER 2003
650 ## - SUBJECT ADDED ENTRY--TOPICAL TERM
Topical term or geographic name entry element PLANNING PROCESS
650 ## - SUBJECT ADDED ENTRY--TOPICAL TERM
Topical term or geographic name entry element MANAGEMENT-BUSINESS MANAGEMENT-INFORMATION MANAGEMENT
690 ## - LOCAL SUBJECT ADDED ENTRY--TOPICAL TERM (OCLC, RLIN)
Topical term or geographic name as entry element ENVIRONMENTAL AND LAND CONSULTANCY-PLANNING AND DEVELOPMENT
942 ## - ADDED ENTRY ELEMENTS (KOHA)
Suppress in OPAC 0
Holdings
Withdrawn status Lost status Source of classification or shelving scheme Damaged status Not for loan Home library Current library Shelving location Date acquired Total Checkouts Full call number Barcode Date last seen Copy number Price effective from Koha item type
    Dewey Decimal Classification     London London News article 03/04/2003   WB3913-13 121883-1001 06/08/2019 1 06/08/2019 News article